Los últimos dias de pompeya. (Registro nro. 43164)
[ vista simple ]
| 000 -CABECERA | |
|---|---|
| campo de control de longitud fija | 00295nam a2200109 a 4500 |
| 005 - FECHA Y HORA DE LA ÚLTIMA TRANSACCIÓN | |
| campo de control | 20201002044918.0 |
| 008 - DATOS DE LONGITUD FIJA--INFORMACIÓN GENERAL | |
| campo de control de longitud fija | 140402s1971 000 spa d |
| 040 ## - FUENTE DE LA CATALOGACIÓN | |
| Centro catalogador/agencia de origen | DO-SdBNP |
| 100 ## - ENTRADA PRINCIPAL--NOMBRE DE PERSONA | |
| Nombre de persona | Lytton, Bulwer |
| 9 (RLIN) | 71500 |
| 245 #4 - MENCIÓN DE TÍTULO | |
| Título | Los últimos dias de pompeya. |
| 260 ## - PUBLICACIÓN, DISTRIBUCIÓN, ETC. | |
| Lugar de publicación, distribución, etc. | Madrid -- Libra, |
| Fecha de publicación, distribución, etc. | 1971 -- 200 p. |
No hay ítems disponibles.
